000 00293nam a2200121Ia 4500
005 20251222143117.0
008 251222s9999||||xx |||||||||||||| ||spa||
082 _a291.092/D96
100 _aDubois, Abate H.
245 0 _aEl Sacerdote Santo
264 _bApostolado de la Prensa
942 _cLIB
999 _c11385
_d11385